Guess Where in 3 Words Quiz Stats

 Plays Quiz Updated Oct 28, 2019

Score 0/60 Timer 08:00
2 Plays Today
% Correct
Las Vegas
90.2%
White House
90.2%
Loch Ness
90%
Mount Rushmore
90%
IKEA
90%
New York City
89.8%
Hollywood
89%
McDonald's
88.7%
Hogwarts
88.6%
Alcatraz
88.5%
Gotham
88.5%
Disney World
88.5%
The Louvre
88.4%
Transylvania
87.6%
Berlin
85.5%
Oz
83.9%
Venice
83.7%
Sistine Chapel
83.6%
Colosseum
83.4%
Pompeii
83.2%
Detroit
82.4%
Chicago
82.1%
Starbucks
81.5%
Moscow
81.2%
Hundred Acre Wood
81.2%
Giza
80.8%
Toronto
79.8%
Jellystone Park
79.4%
Parthenon
76.4%
Kwik-E-Mart
76.4%
% Correct
Tower of London
76.4%
San Antonio
75.6%
Dublin
75.4%
Beijing
74.8%
Memphis
74.2%
Machu Picchu
73.6%
Dollywood
73.5%
Jerusalem
73.4%
Rio de Janeiro
73.4%
Staples
72.7%
Pamplona
72.7%
Fenway Park
72.7%
Tokyo
72.6%
Apple Park
72.5%
Whole Foods
71.7%
Valhalla
71.5%
Dairy Queen
70.6%
Tatooine
70.4%
Atlanta
69%
Hell
68.7%
Shire
68.6%
Copenhagen
67.4%
St. Louis
65.7%
Easter Island
65.5%
Pittsburgh
65.4%
Moon
63.8%
Minneapolis
61.7%
Honshu
57%
Tara
55.2%
Brussels
42.6%

You're not logged in!

Compare scores with friends on all Sporcle quizzes.
OR
Log In

Sporcle TV

Today on Sporcle TV


Watch our educational content, quiz creation guides, and fun videos on Sporcle TV.

Show Comments

Extras

Top Quizzes Today


Score Distribution

Your Account Isn't Verified!

In order to create a playlist on Sporcle, you need to verify the email address you used during registration. Go to your Sporcle Settings to finish the process.

Report this User

Report this user for behavior that violates our Community Guidelines.

Details: